[Event "9th PKWN Festival it"]
[Site "Lublin POL"]
[Date "1973.07.18"]
[Round "1"]
[White "Bednarski, Jacek"]
[WhiteElo "2400"]
[Black "Saidy, Anthony Fred"]
[BlackElo "2430"]
[Result "1-0"]
[EventDate "1973.07.18"]
[PlyCount "113"]

1.e4 d6 2.d4 Nf6 3.Nc3 g6 4.g3 Bg7 5.Bg2 O-O 6.Nge2 c6 7.O-O Nbd7 8.a4 Qc7
9.a5 Rb8 10.Re1 b5 11.axb6 axb6 12.d5 e5 13.dxc6 Qxc6 14.Nf4 b5 15.Nfd5
Re8 16.Nb4 Qc4 17.Na6 Bxa6 18.Rxa6 b4 19.Bf1 Qc8 20.Nd5 Bf8 21.Ra7 Qc6 22.
Rc7 Qa8 23.Qf3 Nxd5 24.Bc4 Re7 25.Bxd5 Qa5 26.Bg5 Qxc7 27.Bxe7 Bxe7 28.
Qxf7+ Kh8 29.Qxe7 Qd8 30.Qxd8+ Rxd8 31.Ra1 Rc8 32.Ra8 Rxa8 33.Bxa8 Nb6 34.
Bd5 Na4 35.b3 Nc3 36.Kf1 Kg7 37.f3 Kf6 38.Bc4 g5 39.Ke1 h6 40.Kd2 Ke7 41.
Kd3 Nb1 42.Ba6 Kd7 43.Kc4 Na3+ 44.Kxb4 Nxc2+ 45.Kc3 Nd4 46.f4 gxf4 47.gxf4
Kc6 48.Bc4 Nf3 49.f5 Kd7 50.b4 Ng5 51.Bd5 Nh7 52.Kc4 Nf6 53.Kb5 Kc7 54.Ba8
Ng4 55.Ka6 Kb8 56.Bc6 Nf6 57.Kb6 1-0

[Event "9th PKWN Festival it"]
[Site "Lublin POL"]
[Date "1973.07.18"]
[Round "1"]
[White "Bernard, Ryszard"]
[WhiteElo "2310"]
[Black "Sznapik, Aleksander"]
[BlackElo "2345"]
[Result "0-1"]
[EventDate "1973.07.18"]
[PlyCount "72"]

1.e4 c5 2.c3 g6 3.d4 cxd4 4.cxd4 d5 5.e5 Bg7 6.Nc3 Nc6 7.Be3 Nh6 8.Qb3 Nf5
9.Nf3 O-O 10.Bd3 Nxe3 11.fxe3 Bh6 12.Kf2 e6 13.Rhe1 a5 14.a3 Bd7 15.Na4 b5
16.Nc5 a4 17.Qc2 Na5 18.Kg1 Bc6 19.Qf2 Rb8 20.h4 Qe7 21.h5 Nc4 22.Rad1 Kh8
23.Bb1 gxh5 24.e4 Rg8 25.Re2 Rg4 26.Nh2 Rf4 27.Qg3 Rg8 28.Qd3 Nxe5 29.Qc2
Ng6 30.e5 f5 31.exf6 Rxf6 32.Nd3 Be8 33.Nf3 Rxf3 34.gxf3 Nf4+ 35.Kf1 Bg6
36.Rf2 Bf5 0-1

[Event "9th PKWN Festival it"]
[Site "Lublin POL"]
[Date "1973.07.18"]
[Round "1"]
[White "Hennings, Artur"]
[WhiteElo "2435"]
[Black "Kapengut, Albert"]
[BlackElo "2490"]
[Result "0-1"]
[EventDate "1973.07.18"]
[PlyCount "86"]

1.e4 c5 2.Nf3 Nc6 3.d4 cxd4 4.Nxd4 g6 5.Nc3 Bg7 6.Be3 Nf6 7.Bc4 O-O 8.Bb3
Qa5 9.O-O d6 10.h3 Bd7 11.Re1 Rac8 12.Nd5 Qd8 13.Nb5 Nxd5 14.exd5 Na5 15.
Nd4 b5 16.c3 Re8 17.Nc2 Qc7 18.Bd4 Bh6 19.Qf3 Qb7 20.Ne3 Nc4 21.Bxc4 bxc4
22.b3 Bxe3 23.Rxe3 e5 24.dxe6 Qxf3 25.exd7 Qc6 26.dxe8=Q+ Rxe8 27.Rxe8+
Qxe8 28.Bxa7 Qa8 29.b4 Qxa7 30.a4 d5 31.a5 d4 32.b5 dxc3 33.b6 Qd7 34.a6
c2 35.b7 Qd1+ 36.Kh2 Qxa1 37.b8=Q+ Kg7 38.a7 c1=Q 39.a8=Q Qg1+ 40.Kg3 Qc3+
41.Qf3 Qxf3+ 42.Kxf3 Qd1+ 43.Kg3 Qb3+ 0-1

[Event "9th PKWN Festival it"]
[Site "Lublin POL"]
[Date "1973.07.19"]
[Round "2"]
[White "Bednarski, Jacek"]
[WhiteElo "2400"]
[Black "Dobrzynski, Wojciech"]
[BlackElo "2340"]
[Result "1-0"]
[EventDate "1973.07.18"]
[PlyCount "81"]

1.e4 e5 2.Nf3 Nc6 3.Bb5 a6 4.Bxc6 dxc6 5.O-O f6 6.d4 exd4 7.Nxd4 Ne7 8.Be3
Ng6 9.Nd2 Bd6 10.Nf5 O-O 11.Nxd6 Qxd6 12.f4 b6 13.Qh5 Bd7 14.Rf3 Rfd8 15.
f5 Nf8 16.Qh4 Be8 17.Rg3 Rd7 18.Rf1 Kh8 19.Nc4 Qe7 20.e5 fxe5 21.Qxe7 Rxe7
22.Bg5 Rd7 23.Nxe5 Rd5 24.f6 Ne6 25.f7 h6 26.fxe8=Q+ Rxe8 27.Ng6+ Kh7 28.
Nf4 Rxg5 29.Re3 Nxf4 30.Rxe8 Rxg2+ 31.Kh1 Rg4 32.Re4 g5 33.Re7+ Kg6 34.
Rxc7 Nh3 35.Rxc6+ Kh5 36.Rxb6 Re4 37.Rxa6 Re2 38.Rc6 Nf2+ 39.Rxf2 Rxf2 40.
a4 Kh4 41.a5 1-0

[Event "9th PKWN Festival it"]
[Site "Lublin POL"]
[Date "1973.07.19"]
[Round "2"]
[White "Kapengut, Albert"]
[WhiteElo "2490"]
[Black "Peev, Peicho"]
[BlackElo "2400"]
[Result "1-0"]
[EventDate "1973.07.18"]
[PlyCount "75"]

1.d4 Nf6 2.c4 c5 3.Nf3 g6 4.Nc3 Bg7 5.e4 O-O 6.Be2 d6 7.O-O Bg4 8.Be3 Bxf3
9.Bxf3 cxd4 10.Bxd4 Nc6 11.Be3 Qa5 12.a3 Ne5 13.Be2 Rfc8 14.b4 Qd8 15.Qb3
Qd7 16.f3 b6 17.Rac1 h5 18.Rfd1 Qb7 19.h3 Rd8 20.Nd5 e6 21.Nc3 Rac8 22.Rc2
Ne8 23.Nb5 a6 24.Nd4 Nc6 25.Nxc6 Qxc6 26.Rcd2 b5 27.Rc1 Qb7 28.Rdd1 Rb8
29.Qd3 Bf6 30.f4 bxc4 31.Qxc4 Bb2 32.Rb1 Rdc8 33.Qxa6 Qxe4 34.Ba7 Ra8 35.
Bf3 Qd4+ 36.Rxd4 Bxd4+ 37.Kf1 d5 38.Qxc8 1-0

[Event "9th PKWN Festival it"]
[Site "Lublin POL"]
[Date "1973.07.19"]
[Round "2"]
[White "Sydor, Andrzej"]
[WhiteElo "2375"]
[Black "Bernard, Ryszard"]
[BlackElo "2310"]
[Result "0-1"]
[EventDate "1973.07.18"]
[PlyCount "62"]

1.d4 d5 2.c4 dxc4 3.Nf3 Nf6 4.e3 e6 5.Bxc4 c5 6.O-O a6 7.Bd3 Nc6 8.b3 cxd4
9.exd4 Be7 10.Re1 O-O 11.Bb2 Nb4 12.Bf1 b5 13.a3 Nbd5 14.Nbd2 Bb7 15.Ne5
Rc8 16.Ndf3 Qb6 17.Qd2 h6 18.g4 Nh7 19.Nd7 Qd6 20.Nxf8 Nxf8 21.Rac1 Rxc1
22.Bxc1 Ng6 23.Ne5 Nh4 24.Be2 f6 25.Nd3 Qc6 26.f3 Nc3 27.d5 Nxd5 28.Bb2
Qb6+ 29.Nf2 Bc5 30.Bd1 Ne3 31.Be2 Nxg4 0-1

[Event "9th PKWN Festival it"]
[Site "Lublin POL"]
[Date "1973.07.19"]
[Round "2"]
[White "Sznapik, Aleksander"]
[WhiteElo "2345"]
[Black "Plachetka, Jan"]
[BlackElo "2445"]
[Result "1-0"]
[EventDate "1973.07.18"]
[PlyCount "105"]

1.e4 e5 2.Nf3 Nc6 3.Bb5 a6 4.Ba4 Nf6 5.O-O Be7 6.Re1 b5 7.Bb3 O-O 8.c3 d5
9.exd5 e4 10.dxc6 exf3 11.g3 Re8 12.d4 Bd6 13.Bg5 Bg4 14.Rxe8+ Qxe8 15.
Bxf6 gxf6 16.Bd5 Qe2 17.Qxe2 fxe2 18.Nd2 Re8 19.Re1 Bf5 20.f3 b4 21.Ne4
Bxe4 22.fxe4 bxc3 23.bxc3 Rb8 24.Rxe2 Rb1+ 25.Kg2 Rc1 26.Re3 Rc2+ 27.Kh3
Kg7 28.Rf3 a5 29.Rd3 h5 30.c4 Bb4 31.e5 f5 32.Rf3 Kg6 33.e6 fxe6 34.Bxe6
Rxa2 35.Bxf5+ Kg5 36.Be6 Re2 37.Bd5 a4 38.Rf7 Re7 39.c5 Rxf7 40.Bxf7 a3
41.Ba2 Kf5 42.Kh4 Ke4 43.d5 Bxc5 44.Kxh5 Kd3 45.g4 Kc3 46.d6 Bxd6 47.h4
Kd4 48.g5 Ke5 49.Kg6 Kf4 50.h5 Be5 51.h6 Bh8 52.Kh5 Kf5 53.g6 1-0

[Event "9th PKWN Festival it"]
[Site "Lublin POL"]
[Date "1973.07.20"]
[Round "3"]
[White "Bernard, Ryszard"]
[WhiteElo "2310"]
[Black "Kapengut, Albert"]
[BlackElo "2490"]
[Result "1-0"]
[EventDate "1973.07.18"]
[PlyCount "97"]

1.e4 c5 2.Nc3 Nc6 3.g3 g6 4.Bg2 Bg7 5.d3 d6 6.f4 e5 7.Nf3 Nge7 8.O-O O-O
9.Rb1 Nd4 10.Ne2 Be6 11.a3 Qd7 12.Nexd4 cxd4 13.Bd2 Rac8 14.c4 dxc3 15.
Bxc3 Qb5 16.Kh1 Nc6 17.Qd2 Rfd8 18.b4 d5 19.Ng5 d4 20.Ba1 exf4 21.gxf4 Bd7
22.Rbc1 h6 23.Nf3 b6 24.Rg1 Kh7 25.f5 Ne5 26.Nxe5 Qxe5 27.Bh3 gxf5 28.Rxc8
Bxc8 29.Qf2 fxe4 30.Bxc8 Rxc8 31.Bxd4 Qxd4 32.Qf5+ Kh8 33.Qxc8+ Kh7 34.
Qf5+ Kh8 35.Qxe4 Qd7 36.Qa8+ Kh7 37.Qe4+ f5 38.Qf3 Bd4 39.Rf1 Kg6 40.h4
Qe6 41.h5+ Kf6 42.Qg2 Qe8 43.Qf3 Qe6 44.b5 Bc5 45.a4 Kg5 46.Qf4+ Kxh5 47.
Qxf5+ Qxf5 48.Rxf5+ Kg4 49.Rxc5 1-0

[Event "9th PKWN Festival it"]
[Site "Lublin POL"]
[Date "1973.07.20"]
[Round "3"]
[White "Hennings, Artur"]
[WhiteElo "2435"]
[Black "Bednarski, Jacek"]
[BlackElo "2400"]
[Result "1-0"]
[EventDate "1973.07.18"]
[PlyCount "87"]

1.e4 e6 2.d4 d5 3.Nd2 Nf6 4.e5 Ne4 5.Bd3 Nxd2 6.Bxd2 c5 7.dxc5 Nd7 8.Nf3
Nxc5 9.O-O Bd7 10.Be3 Nxd3 11.Qxd3 Qc7 12.Rfe1 Rc8 13.c3 a6 14.Bd4 Be7 15.
Qe3 h6 16.a4 O-O 17.Nd2 b5 18.axb5 Bxb5 19.b4 Ra8 20.Ra5 Rfc8 21.Rea1 Bd8
22.h3 Qe7 23.R5a3 Qh4 24.Nf3 Qh5 25.Bc5 Rab8 26.Nd4 Bc4 27.f4 Qg6 28.Rd1
a5 29.Raa1 axb4 30.cxb4 Ra8 31.Qf2 Qe4 32.Re1 Qd3 33.Kh1 Rxa1 34.Rxa1 Qc3
35.Ra7 Qc1+ 36.Kh2 Bd3 37.Qg3 Bg6 38.h4 Kh7 39.h5 Bxh5 40.Nxe6 g5 41.Qh3
Qd1 42.Nf8+ Kg7 43.Qxc8 Bg4 44.Qxd8 1-0

[Event "9th PKWN Festival it"]
[Site "Lublin POL"]
[Date "1973.07.20"]
[Round "3"]
[White "Nicevski, Risto"]
[WhiteElo "2440"]
[Black "Sznapik, Aleksander"]
[BlackElo "2345"]
[Result "0-1"]
[EventDate "1973.07.18"]
[PlyCount "56"]

1.e4 g6 2.d4 Bg7 3.Nc3 d6 4.f4 a6 5.Nf3 b5 6.Bd3 Bb7 7.e5 Nd7 8.O-O c5 9.
Be4 Bxe4 10.Nxe4 cxd4 11.e6 fxe6 12.Neg5 Nf8 13.Nxd4 Qd7 14.Re1 Bxd4+ 15.
Qxd4 Nf6 16.Be3 Rc8 17.Re2 Rg8 18.Rae1 h6 19.Nf3 Rc5 20.b3 g5 21.Qb2 Rf5
22.Nd4 Rxf4 23.Bxf4 gxf4 24.Nxe6 f3 25.Nxf8 Qa7+ 26.Re3 Ng4 27.gxf3 Nxe3+
28.Kh1 Nd1 0-1

[Event "9th PKWN Festival it"]
[Site "Lublin POL"]
[Date "1973.07.22"]
[Round "4"]
[White "Pytel, Krzysztof"]
[WhiteElo "2390"]
[Black "Bernard, Ryszard"]
[BlackElo "2310"]
[Result "1-0"]
[EventDate "1973.07.18"]
[PlyCount "117"]

1.Nf3 Nf6 2.c4 c5 3.g3 Nc6 4.Bg2 e6 5.O-O d5 6.cxd5 Nxd5 7.Nc3 Be7 8.Nxd5
Qxd5 9.d4 Nxd4 10.Nxd4 Qxd4 11.Qc2 O-O 12.Be3 Qf6 13.Rfd1 Rb8 14.Be4 b6
15.Bxh7+ Kh8 16.h4 e5 17.Be4 Bb7 18.Bxb7 Rxb7 19.Qe4 Rbb8 20.Rd5 Qg6 21.
Qxe5 Bf6 22.Qh5+ Qxh5 23.Rxh5+ Kg8 24.Rb1 Rbd8 25.Rf5 Rfe8 26.b3 Bd4 27.
Bxd4 Rxd4 28.Rb2 f6 29.Rf3 Kf7 30.Rc3 Red8 31.e3 R4d5 32.b4 cxb4 33.Rc7+
R8d7 34.Rxd7+ Rxd7 35.Rxb4 Rd2 36.a4 Ra2 37.h5 g6 38.hxg6+ Kxg6 39.Kg2 Kf5
40.g4+ Kg6 41.Kg3 Ra1 42.Kf3 Ra2 43.Kg3 Kg5 44.f4+ Kg6 45.Kf3 Ra1 46.Rd4
Rf1+ 47.Kg2 Ra1 48.Kf2 Ra3 49.Kf3 Ra1 50.Rd6 Rxa4 51.g5 b5 52.Rxf6+ Kg7
53.Rd6 b4 54.Rd7+ Kf8 55.Rb7 a5 56.f5 Ra1 57.Kf4 Rc1 58.f6 Rc6 59.Kf5 1-0

[Event "9th PKWN Festival it"]
[Site "Lublin POL"]
[Date "1973.07.22"]
[Round "4"]
[White "Saidy, Anthony Fred"]
[WhiteElo "2430"]
[Black "Sznapik, Aleksander"]
[BlackElo "2345"]
[Result "1-0"]
[EventDate "1973.07.18"]
[PlyCount "51"]

1.d4 g6 2.e4 Bg7 3.c3 d6 4.f4 Nf6 5.Bd3 O-O 6.Nf3 c5 7.dxc5 dxc5 8.e5 Nd5
9.Be4 Nc7 10.Qe2 f5 11.Bd3 b6 12.Bc4+ e6 13.O-O Nc6 14.Na3 Bb7 15.Nb5 Nd5
16.Nd6 Qe7 17.Ng5 Nd8 18.Nxb7 Qxb7 19.Rd1 Nc7 20.Rd7 Re8 21.Qd1 Qc6 22.Qd6
Qxd6 23.exd6 Nd5 24.Nxe6 Nxe6 25.Bxd5 Kh8 26.Bxa8 1-0

[Event "9th PKWN Festival it"]
[Site "Lublin POL"]
[Date "1973.07.23"]
[Round "5"]
[White "Bernard, Ryszard"]
[WhiteElo "2310"]
[Black "Bednarski, Jacek"]
[BlackElo "2400"]
[Result "0-1"]
[EventDate "1973.07.18"]
[PlyCount "88"]

1.e4 e6 2.d4 d5 3.Nd2 Nc6 4.Ngf3 Nf6 5.e5 Nd7 6.Nb3 a5 7.Bf4 a4 8.Nc1 Na5
9.c3 Nc4 10.Nd3 c5 11.dxc5 Qa5 12.Nd2 Nxd2 13.Qxd2 Nxc5 14.Nxc5 Bxc5 15.
Bd3 d4 16.O-O dxc3 17.bxc3 Bd7 18.Qe2 Bc6 19.Rab1 O-O 20.Qc2 h6 21.Qe2
Rfd8 22.Bc2 Qxc3 23.h4 Kh8 24.Rbc1 Ba3 25.Rcd1 Rd5 26.Rxd5 Bxd5 27.Bb1 Qc4
28.Qe3 Bc5 29.Qg3 Qe2 30.Bd3 Qxa2 31.Rc1 b6 32.Rxc5 bxc5 33.Bxh6 gxh6 34.
Qf4 Qa1+ 35.Kh2 Kg8 36.Qf6 Qd4 37.Bh7+ Kxh7 38.Qxf7+ Kh8 39.Qf6+ Kg8 40.
Qg6+ Kf8 41.Qxh6+ Ke7 42.Qg7+ Kd8 43.Qf8+ Kc7 44.Qe7+ Kb6 0-1

[Event "9th PKWN Festival it"]
[Site "Lublin POL"]
[Date "1973.07.23"]
[Round "5"]
[White "Hennings, Artur"]
[WhiteElo "2435"]
[Black "Saidy, Anthony Fred"]
[BlackElo "2430"]
[Result "1-0"]
[EventDate "1973.07.18"]
[PlyCount "85"]

1.e4 d6 2.Nc3 g6 3.d4 Bg7 4.Be3 Nf6 5.f3 c6 6.Qd2 Qa5 7.Nge2 Nbd7 8.Nc1
O-O 9.Be2 b5 10.O-O Rd8 11.b4 Qc7 12.a4 bxa4 13.Nxa4 e5 14.dxe5 Nxe5 15.
Nb6 Rb8 16.Nxc8 Qxc8 17.Bxa7 Ra8 18.Nb3 Qc7 19.Bd4 Rxa1 20.Rxa1 c5 21.bxc5
Nc6 22.cxd6 Qxd6 23.e5 Qe6 24.exf6 Bxf6 25.Ra6 Bxd4+ 26.Nxd4 Rxd4 27.Qxd4
Nxd4 28.Rxe6 Nxe6 29.Kf2 Kf8 30.Ke3 Ke7 31.Bc4 Ng7 32.g4 f6 33.Kd4 g5 34.
Kc5 h5 35.h3 h4 36.Kc6 f5 37.Bd5 fxg4 38.fxg4 Ne8 39.c4 Nf6 40.c5 Nd7 41.
Be4 Nb8+ 42.Kd5 Kf6 43.Kd6 1-0

[Event "9th PKWN Festival it"]
[Site "Lublin POL"]
[Date "1973.07.23"]
[Round "5"]
[White "Plachetka, Jan"]
[WhiteElo "2445"]
[Black "Pytel, Krzysztof"]
[BlackElo "2390"]
[Result "1/2-1/2"]
[EventDate "1973.07.18"]
[PlyCount "67"]

1.e4 c5 2.Nf3 d6 3.Nc3 a6 4.g3 e5 5.d3 Nc6 6.Bg2 g6 7.O-O Bg7 8.Nd5 Nce7
9.Nd2 Nxd5 10.exd5 Ne7 11.a4 b6 12.Nc4 Bb7 13.f4 O-O 14.fxe5 dxe5 15.d6
Nd5 16.a5 b5 17.Nb6 Nxb6 18.Bxb7 Ra7 19.Qf3 Nd7 20.Be3 e4 21.Bxe4 Bxb2 22.
Ra2 Bg7 23.Qf2 Qb8 24.d4 Qxd6 25.dxc5 Qe6 26.c6 Rc7 27.cxd7 Qxa2 28.Rd1
Rxd7 29.Rxd7 Qe6 30.Rd4 Bxd4 31.Bxd4 Qxe4 32.Qf6 Qe1+ 33.Kg2 Qe2+ 34.Kg1
1/2-1/2

[Event "9th PKWN Festival it"]
[Site "Lublin POL"]
[Date "1973.07.23"]
[Round "5"]
[White "Sznapik, Aleksander"]
[WhiteElo "2345"]
[Black "Sydor, Andrzej"]
[BlackElo "2375"]
[Result "0-1"]
[EventDate "1973.07.18"]
[PlyCount "78"]

1.Nf3 d5 2.g3 Bg4 3.Bg2 Nd7 4.O-O e6 5.d3 Bc5 6.Nbd2 Ne7 7.c3 O-O 8.b4 Bb6
9.Bb2 c5 10.a3 Nc6 11.Qc2 Rc8 12.b5 Nce5 13.c4 Nxf3+ 14.Nxf3 Qe7 15.a4 Ba5
16.e3 dxc4 17.Qxc4 Bh5 18.Rfc1 Rfd8 19.Qb3 f6 20.Ba3 Bf7 21.d4 Rc7 22.Qb2
e5 23.Nd2 exd4 24.exd4 Qe2 25.Rc2 cxd4 26.Rxc7 Bxc7 27.Bf3 Qd3 28.Be4 Qc3
29.Bxb7 Nc5 30.Qxc3 dxc3 31.Bxc5 cxd2 32.Bf3 Be5 33.Rd1 Bb3 34.Be3 Bc3 35.
Bxa7 Bxa4 36.b6 Bxd1 37.Bxd1 Bd4 38.Kf1 Re8 39.Be2 Kf8 0-1

[Event "9th PKWN Festival it"]
[Site "Lublin POL"]
[Date "1973.07.24"]
[Round "6"]
[White "Dobrzynski, Wojciech"]
[WhiteElo "2340"]
[Black "Bernard, Ryszard"]
[BlackElo "2310"]
[Result "1/2-1/2"]
[EventDate "1973.07.18"]
[PlyCount "37"]

1.c4 e5 2.Nc3 Nc6 3.g3 g6 4.Bg2 Bg7 5.d3 d6 6.Nf3 f5 7.Rb1 a5 8.a3 Nf6 9.
O-O O-O 10.b4 axb4 11.axb4 h6 12.b5 Ne7 13.Qb3 Be6 14.Nd2 c6 15.bxc6 bxc6
16.Qb6 Rb8 17.Qxd8 Rfxd8 18.Rxb8 Rxb8 19.Ba3 1/2-1/2

[Event "9th PKWN Festival it"]
[Site "Lublin POL"]
[Date "1973.07.24"]
[Round "6"]
[White "Kapengut, Albert"]
[WhiteElo "2490"]
[Black "Sznapik, Aleksander"]
[BlackElo "2345"]
[Result "1/2-1/2"]
[EventDate "1973.07.18"]
[PlyCount "88"]

1.e4 e5 2.Nf3 Nc6 3.Bb5 a6 4.Ba4 Nf6 5.O-O Be7 6.Re1 b5 7.Bb3 d6 8.c3 O-O
9.h3 h6 10.d4 Re8 11.Nbd2 Bf8 12.a3 Bb7 13.Bc2 Nb8 14.b4 Nbd7 15.Bb2 Qb8
16.c4 exd4 17.cxb5 axb5 18.Nxd4 c5 19.bxc5 Nxc5 20.Nf5 Qd8 21.Qf3 Nfd7 22.
Qc3 Qg5 23.Re3 Ne5 24.f4 Qxf4 25.Rf1 Qg5 26.Rg3 Qf6 27.Nxg7 Qxg7 28.Rxg7+
Bxg7 29.Qg3 Re6 30.Bb3 Nxb3 31.Qxb3 Bc6 32.Bc3 Rf8 33.Bb4 Rg6 34.Rf4 Re6
35.Qe3 Ng6 36.Rf5 Ne7 37.Rh5 Nd5 38.Qb3 Nf6 39.Rh4 Nxe4 40.Nxe4 Bxe4 41.
Bxd6 Rd8 42.Bc5 Rd3 43.Qb4 Rd1+ 44.Kh2 Rb1 1/2-1/2

[Event "9th PKWN Festival it"]
[Site "Lublin POL"]
[Date "1973.07.24"]
[Round "6"]
[White "Pytel, Krzysztof"]
[WhiteElo "2390"]
[Black "Nicevski, Risto"]
[BlackElo "2440"]
[Result "0-1"]
[EventDate "1973.07.18"]
[PlyCount "144"]

1.c4 e5 2.Nc3 Nc6 3.Nf3 f5 4.d4 e4 5.Bg5 Be7 6.Bxe7 Ngxe7 7.Nd2 Nxd4 8.
Ndxe4 Ne6 9.Nd2 b6 10.e3 Bb7 11.Nf3 O-O 12.g3 Qe8 13.Bg2 f4 14.exf4 Ng6
15.O-O Ngxf4 16.gxf4 Nxf4 17.Ne1 Nxg2 18.Nxg2 Bf3 19.Qd3 Qe6 20.Nd5 Qh3
21.Nde3 Rf6 22.Rfd1 Rg6 23.Qxg6 hxg6 24.Rd4 Rf8 25.Rc1 g5 26.Rc3 Rf6 27.
Ne1 Qe6 28.Nxf3 Rxf3 29.Rcd3 d6 30.Rd5 Qe7 31.Kg2 Rf4 32.b3 Qe4+ 33.Kg1
Qf3 34.Rd2 Qh5 35.Ng2 Re4 36.f4 Qf3 37.Rf2 Qc3 38.fxg5 Rd4 39.Rxd4 Qxd4
40.h4 Qe4 41.Nf4 c6 42.h5 Kh7 43.Kh2 Qe5 44.g6+ Kh6 45.Kg3 Qe3+ 46.Rf3
Qg1+ 47.Kh3 a6 48.a4 Qg5 49.Rf2 Qg1 50.Rf3 Qg5 51.Rf2 d5 52.cxd5 cxd5 53.
b4 d4 54.Rf3 Qe7 55.Kg4 Qxb4 56.Nd3 Qd2 57.Nf4 Qd1 58.Nd3 Qh1 59.Nf4 Qc1
60.Rd3 Qc4 61.Kf5 Qxa4 62.Ke4 Qc2 63.Kxd4 Kg5 64.Ke4 a5 65.Kf3 Qc8 66.Rd5+
Kh6 67.Ng2 Qh3+ 68.Kf2 a4 69.Rd8 Qf5+ 70.Kg1 Qc5+ 71.Kf1 Qc1+ 72.Kf2 Kxh5
0-1

[Event "9th PKWN Festival it"]
[Site "Lublin POL"]
[Date "1973.07.25"]
[Round "7"]
[White "Bernard, Ryszard"]
[WhiteElo "2310"]
[Black "Hennings, Artur"]
[BlackElo "2435"]
[Result "1-0"]
[EventDate "1973.07.18"]
[PlyCount "85"]

1.e4 e6 2.d4 c5 3.c3 d5 4.exd5 Qxd5 5.Nf3 Nf6 6.Be2 Nc6 7.O-O cxd4 8.cxd4
Be7 9.Nc3 Qd6 10.Bg5 O-O 11.Qd2 Rd8 12.Rfd1 Nd5 13.Nxd5 Qxd5 14.Bxe7 Nxe7
15.Ne5 f6 16.Bf3 Qb5 17.a4 Qe8 18.Nc4 Nd5 19.Ne3 Nxe3 20.Qxe3 Bd7 21.d5
exd5 22.Bxd5+ Kh8 23.Bxb7 Qxe3 24.fxe3 Rab8 25.Bf3 Be8 26.Rxd8 Rxd8 27.b4
Kg8 28.b5 Rd3 29.Kf2 Rd2+ 30.Ke1 Rd3 31.Ke2 Rd6 32.Rd1 Rxd1 33.Kxd1 Kf7
34.Kc2 Ke6 35.Kc3 Kd6 36.Kb4 g5 37.a5 Kc7 38.Kc5 f5 39.b6+ Kb8 40.Kd6 Bg6
41.Ke5 axb6 42.axb6 Kc8 43.Bd5 1-0

[Event "9th PKWN Festival it"]
[Site "Lublin POL"]
[Date "1973.07.25"]
[Round "7"]
[White "Sydor, Andrzej"]
[WhiteElo "2375"]
[Black "Kapengut, Albert"]
[BlackElo "2490"]
[Result "1-0"]
[EventDate "1973.07.18"]
[PlyCount "97"]

1.Nc3 d5 2.e4 d4 3.Nce2 e5 4.f4 Nc6 5.Nf3 Bg4 6.fxe5 Bxf3 7.gxf3 Nxe5 8.
Ng3 Qh4 9.d3 Ng6 10.Qd2 Bd6 11.Qg5 N8e7 12.Qxh4 Nxh4 13.f4 f6 14.Bh3 g5
15.O-O gxf4 16.Bxf4 Be5 17.Rf2 Neg6 18.Bh6 Ke7 19.Nh5 Rhg8 20.Kh1 a5 21.
Raf1 Ra6 22.Bg7 Rxg7 23.Nxg7 a4 24.Nf5+ Nxf5 25.Bxf5 a3 26.b3 Rc6 27.Rg1
Kf7 28.Rg4 Bd6 29.Rfg2 Rc5 30.h4 Bf8 31.Bxg6+ hxg6 32.Rxg6 Rh5 33.R6g4 Bd6
34.Rf2 Ke6 35.Rf5 Rh8 36.h5 Be5 37.Rg7 b5 38.Kg2 Kd6 39.Rg6 Ke6 40.Kf3 Kf7
41.Kg4 Rb8 42.Rf3 b4 43.Rg5 Ke6 44.Rg7 Rh8 45.Rh3 Bd6 46.h6 Bf8 47.Rxc7
Rxh6 48.Rxh6 Bxh6 49.Rc4 1-0

[Event "9th PKWN Festival it"]
[Site "Lublin POL"]
[Date "1973.07.25"]
[Round "7"]
[White "Sznapik, Aleksander"]
[WhiteElo "2345"]
[Black "Pytel, Krzysztof"]
[BlackElo "2390"]
[Result "0-1"]
[EventDate "1973.07.18"]
[PlyCount "66"]

1.e4 e6 2.Nc3 d5 3.Nf3 Nf6 4.e5 Nfd7 5.d4 c5 6.dxc5 Nc6 7.Bf4 Bxc5 8.Bd3
f5 9.O-O O-O 10.Re1 Be7 11.Qd2 Nc5 12.Ne2 Ne4 13.Qc1 g5 14.Bxe4 fxe4 15.
Nxg5 Rxf4 16.Nxe6 Bxe6 17.Nxf4 Qd7 18.c4 Nxe5 19.Nxe6 Qxe6 20.cxd5 Qg6 21.
Re2 Nf3+ 22.Kh1 Nxh2 23.Qf4 Ng4 24.Qg3 Bc5 25.Qh4 Rf8 26.Rf1 Be7 27.Qh3
Rf5 28.Rxe4 Rh5 29.f3 Ne5 30.Rxe5 Rxe5 31.Qc8+ Kf7 32.g4 Re2 33.Kg1 Qb6+
0-1

[Event "9th PKWN Festival it"]
[Site "Lublin POL"]
[Date "1973.07.27"]
[Round "8"]
[White "Dobrzynski, Wojciech"]
[WhiteElo "2340"]
[Black "Nicevski, Risto"]
[BlackElo "2440"]
[Result "1-0"]
[EventDate "1973.07.18"]
[PlyCount "71"]

1.Nf3 g6 2.g3 Bg7 3.d4 c5 4.d5 d6 5.Bg2 b5 6.O-O Nf6 7.Re1 O-O 8.e4 Bg4 9.
h3 Bxf3 10.Qxf3 Nbd7 11.Nd2 Nb6 12.Qe2 Rb8 13.Nb3 Nc4 14.a4 a6 15.axb5
axb5 16.c3 Nd7 17.h4 Ra8 18.Bg5 Rxa1 19.Rxa1 h6 20.Bc1 Ndb6 21.Nd2 Nxd2
22.Bxd2 c4 23.Ra5 Qd7 24.Be3 Rb8 25.Kh2 Na4 26.Ra7 Qe8 27.Bh3 Nb6 28.Rc7
Na8 29.Rc6 e6 30.Rxd6 exd5 31.exd5 Qe5 32.Rc6 Qxd5 33.Bg2 Qd8 34.h5 g5 35.
Qg4 Nb6 36.Bxb6 1-0

[Event "9th PKWN Festival it"]
[Site "Lublin POL"]
[Date "1973.07.27"]
[Round "8"]
[White "Peev, Peicho"]
[WhiteElo "2400"]
[Black "Bernard, Ryszard"]
[BlackElo "2310"]
[Result "1-0"]
[EventDate "1973.07.18"]
[PlyCount "107"]

1.d4 d5 2.c4 dxc4 3.Nf3 Nf6 4.Nc3 a6 5.a4 Nc6 6.a5 e6 7.Qa4 Bd7 8.Qxc4 Bb4
9.Ne5 Nxe5 10.Qxb4 Nc6 11.Qc4 O-O 12.Bg5 Ne7 13.e4 Bb5 14.Nxb5 axb5 15.Qd3
c6 16.b4 Ne8 17.Be2 Nc7 18.O-O Na6 19.Qc3 Qd7 20.Rfd1 h6 21.Be3 Rfd8 22.
Rab1 Qe8 23.Qb3 Kh8 24.Bc1 Ng6 25.Qe3 Qe7 26.Bd2 Kg8 27.Bc3 Qg5 28.Qxg5
hxg5 29.g3 Ne7 30.Rd3 Rd7 31.f3 Rad8 32.Rdd1 Ra8 33.Bd3 Rad8 34.Bc2 Kf8
35.Bb3 Nc7 36.Kf2 Na6 37.Ke3 Nc7 38.h4 gxh4 39.gxh4 Ng8 40.h5 Nh6 41.Rg1
f6 42.Rbd1 Nf7 43.Rd2 e5 44.f4 exd4+ 45.Rxd4 Na6 46.e5 Nh6 47.Rxd7 Rxd7
48.exf6 gxf6 49.Rg6 Nf5+ 50.Ke4 Nd6+ 51.Kf3 Ne8 52.Rg8+ Ke7 53.Bc2 Kf7 54.
Rh8 1-0

[Event "9th PKWN Festival it"]
[Site "Lublin POL"]
[Date "1973.07.27"]
[Round "8"]
[White "Saidy, Anthony Fred"]
[WhiteElo "2430"]
[Black "Kapengut, Albert"]
[BlackElo "2490"]
[Result "1/2-1/2"]
[EventDate "1973.07.18"]
[PlyCount "53"]

1.c4 e5 2.Nc3 Nf6 3.Nf3 Nc6 4.g3 Bb4 5.Nd5 Nxd5 6.cxd5 Nd4 7.Bg2 Nxf3+ 8.
Bxf3 O-O 9.O-O d6 10.Bg2 Bc5 11.b3 Bd4 12.Rb1 Bf5 13.d3 Qd7 14.e3 Bb6 15.
Bb2 Rae8 16.Qd2 e4 17.dxe4 Bxe4 18.Rbc1 Bxg2 19.Kxg2 Re4 20.Rc4 Rxc4 21.
bxc4 Re8 22.Qd3 Qe7 23.Rc1 Bc5 24.Bd4 Bxd4 25.Qxd4 b6 26.Rc3 f5 27.f3
1/2-1/2

[Event "9th PKWN Festival it"]
[Site "Lublin POL"]
[Date "1973.07.28"]
[Round "9"]
[White "Bernard, Ryszard"]
[WhiteElo "2310"]
[Black "Saidy, Anthony Fred"]
[BlackElo "2430"]
[Result "1-0"]
[EventDate "1973.07.18"]
[PlyCount "97"]

1.e4 c5 2.Nc3 Nc6 3.g3 g6 4.Bg2 Bg7 5.d3 d6 6.f4 e6 7.Nf3 Nge7 8.O-O O-O
9.Be3 Nd4 10.Rb1 f5 11.Ne2 Ndc6 12.c3 Rb8 13.Bf2 b6 14.Re1 h6 15.h3 Qc7
16.g4 Bd7 17.Bg3 Rbd8 18.Qd2 e5 19.gxf5 gxf5 20.Nh4 Be6 21.a3 Qd7 22.Kh2
d5 23.exf5 Nxf5 24.Nxf5 Bxf5 25.fxe5 Nxe5 26.Nf4 d4 27.c4 b5 28.b3 Rde8
29.Rbd1 bxc4 30.bxc4 Nc6 31.Nh5 Rxe1 32.Rxe1 Re8 33.Nxg7 Kxg7 34.Rxe8 Qxe8
35.Qf4 Bxd3 36.Qc7+ Ne7 37.Bh4 Kf8 38.Qxc5 Bg6 39.Qd6 Bf7 40.Qxh6+ Kg8 41.
Bf6 Qb8+ 42.Kg1 Qb1+ 43.Bf1 Qg6+ 44.Qxg6+ Nxg6 45.Bxd4 a5 46.c5 Be8 47.Bg2
Nf4 48.Bf1 Bc6 49.Bc4+ 1-0

[Event "9th PKWN Festival it"]
[Site "Lublin POL"]
[Date "1973.07.28"]
[Round "9"]
[White "Kapengut, Albert"]
[WhiteElo "2490"]
[Black "Pytel, Krzysztof"]
[BlackElo "2390"]
[Result "1-0"]
[EventDate "1973.07.18"]
[PlyCount "51"]

1.e4 e6 2.d4 d5 3.Nd2 Nf6 4.e5 Ne4 5.Bd3 Nxd2 6.Bxd2 c5 7.Qg4 Nc6 8.Nf3 f5
9.exf6 Qxf6 10.Qg3 c4 11.Bg5 Qf7 12.Be2 Bb4+ 13.c3 Ba5 14.Bf4 O-O 15.Bd6
Rd8 16.O-O b5 17.b4 cxb3 18.Bxb5 Qb7 19.Bxc6 Qxc6 20.axb3 Bxc3 21.Be5 Rd7
22.Rfc1 Bb7 23.Ra2 Rc8 24.Ng5 h6 25.Nh3 Rf7 26.Rac2 1-0

[Event "9th PKWN Festival it"]
[Site "Lublin POL"]
[Date "1973.07.28"]
[Round "9"]
[White "Nicevski, Risto"]
[WhiteElo "2440"]
[Black "Hennings, Artur"]
[BlackElo "2435"]
[Result "1/2-1/2"]
[EventDate "1973.07.18"]
[PlyCount "84"]

1.e4 e5 2.Nf3 Nc6 3.Bb5 a6 4.Ba4 Nf6 5.O-O Be7 6.Re1 b5 7.Bb3 d6 8.c3 O-O
9.h3 Nb8 10.d4 Nbd7 11.Nbd2 Bb7 12.Bc2 Re8 13.b4 Bf8 14.a4 a5 15.bxa5 Rxa5
16.Rb1 Ba6 17.axb5 Rxb5 18.Rxb5 Bxb5 19.Bb3 exd4 20.cxd4 c6 21.Ng5 d5 22.
e5 h6 23.Ngf3 Nh7 24.Nf1 Bb4 25.Bd2 Bxd2 26.Qxd2 Ng5 27.Nxg5 Qxg5 28.f4
Qh4 29.Nh2 Ra8 30.Nf3 Qg3 31.f5 Bc4 32.Bxc4 dxc4 33.Qe2 Ra3 34.e6 fxe6 35.
fxe6 Nf6 36.Rf1 Qf4 37.Qxc4 Qe3+ 38.Kh1 Rc3 39.Qa2 Nd5 40.Qb1 Qxe6 41.Re1
Re3 42.Qb8+ Kh7 1/2-1/2